00654nam a22001937a 450000500170000001000290001702000260004603500270007203700130009903700160011208200150012810000250014324501070016826000350027527000690031030000280037950000500040770000030045720110921092940.0 aENG-103729 B-457745-754 a9789380502809c495.00 aEN-87262 B-457745-754 bDBAD/PUB bK.K.Pub/Ven a327.170959 aRoberts, Christopher aAsean's Myanmar crisis :cby Christopher Robertsbchallenges to the pursuit of a security community / aNew DelhibKW Publishersc2011 a4676/21, First Floor, Ansari Road, DaryaganjbNew Delhi e110002 axxii,268p. c23cm (pbk) aIncludes bibliographical references and index